L'età fiorita /

Zapisane w:
Opis bibliograficzny
1. autor: Pasti, Umberto (Autor)
Format: Książka
Język:włoski
Wydane: Milano : Bompiani, 2014
Seria:Tascabili Bompiani ; 1269
Etykiety: Dodaj etykietę
Nie ma etykietki, Dołącz pierwszą etykiete!

MARC

LEADER 00000nam a22000007i 4500
001 IT\ICCU\MIL\0860318
003 ItRI
005 20250730230522.0
008 140521s2014 it |||||| ||||| |||||c
020 |a 9788845276040 
040 |b ita  |c ct 
041 7 |a ita  |2 ISO-639-2 
082 |a 853.92  |2 22 
100 1 |a Pasti, Umberto  |0 IT\ICCU\TO0V\349717  |4 aut 
245 1 2 |a L'età fiorita /  |c Umberto Pasti. 
260 |a Milano :  |b Bompiani,  |c 2014 
300 |a 293 p. ;  |c 20 cm 
500 |a Sul frontespizio e in IV. di copertina: I grandi tascabili Bompiani 
830 0 |a Tascabili Bompiani ;  |v 1269  |0 IT\ICCU\CFI\0000031 
942 |2 ddc  |c BK 
952 |0 0  |1 0  |2 ddc  |4 0  |6 B_LNR02PASUMETA11  |7 0  |9 9233  |a MI  |b MI  |d 2014-07-24  |i 6629  |l 0  |o B-LNR02-PASUM-ETA11  |p CDOM6629  |r 2025-07-17 21:50:48  |w 2025-07-17  |x DONO  |y BK 
981 1 |6 z01  |a i   |b xxxe  
982 1 |6 z01  |a n 
999 |c 7698  |d 7698